000 00548cam a2200181 4500500
005 20260329003240.0
041 _afre
042 _adc
100 1 0 _aLequin, Mathilde
_eauthor
245 0 0 _aL’homme qui aimait trop travailler
260 _c2015.
500 _a27
690 _aAlexandre Lacroix
690 _aBurn-Out
690 _aTravail
786 0 _nPhilosophie magazine | 87 | 3 | 2015-03-01 | p. 90-90 | 1951-1787
856 4 1 _uhttps://shs.cairn.info/magazine-philosophie-magazine-2015-3-page-90?lang=fr&redirect-ssocas=7080
999 _c1822792
_d1822792